Alignment despite antagonism : The United States - Korea - Japan

Alignment Despite Antagonism is a carefully researched treatment of the highs and lows of US-Japan-South Korea trilateral policy coordination - one of the most difficult yet important relationships of US security interests in Asia. It merits reading by both scholars and parctitioners of East Asian s...

সম্পূর্ণ বিবরণ

সংরক্ষণ করুন:
গ্রন্থ-পঞ্জীর বিবরন
প্রধান লেখক: Cha, Victor D.
বিন্যাস: গ্রন্থ
ভাষা:Undetermined
প্রকাশিত: Stanford, Calif. Stanford University Press 1999
ট্যাগগুলো: ট্যাগ যুক্ত করুন
কোনো ট্যাগ নেই, প্রথমজন হিসাবে ট্যাগ করুন!
Thư viện lưu trữ: Trung tâm Học liệu Trường Đại học Cần Thơ
LEADER 00858nam a2200205Ia 4500
001 CTU_118890
008 210402s9999 xx 000 0 und d
020 |c 27.95 
082 |a 327.730509045 
082 |b C426 
100 |a Cha, Victor D. 
245 0 |a Alignment despite antagonism : 
245 4 |b The United States - Korea - Japan 
245 0 |c Victor D. Cha 
260 |a Stanford, Calif. 
260 |b Stanford University Press 
260 |c 1999 
520 |a Alignment Despite Antagonism is a carefully researched treatment of the highs and lows of US-Japan-South Korea trilateral policy coordination - one of the most difficult yet important relationships of US security interests in Asia. It merits reading by both scholars and parctitioners of East Asian security. 
904 |i Truc 
980 |a Trung tâm Học liệu Trường Đại học Cần Thơ